000 00861cad a22002175a 4500
001 L153070
008 110602s2011 xxk f 000 0 eng d
035 _a(Sirsi) u153070
041 0 _aeng
050 0 4 _a306.1 $2 18
110 2 _aCB Richard Ellis
_93675
245 0 0 _aResidential market trends
_h[electronic resource]
260 _a[S.l.]
_bCBRE
_c2011
490 0 _aCBRE UK Residential Viewpoint
_vMay 2011
520 _aUK housing market remains weak, with activity low but stable. Continued low levels of activity are reflected in house prices which continually edge downwards.
590 _aKA
651 4 _aUNITED KINGDOM
690 _aPROPERTY-RESIDENTIAL PROPERTY-RESIDENTIAL PROPERTY MARKET
856 4 0 _uhttps://portal.cbre.eu/portal/page/portal/research/publications/May%20monthly%20final.pdf
_zView the item at portal.cbre.au
942 _n0
999 _c112358
_d112358